Science Quiz

Random Science Quiz
Score 0/38 Timer 10:00
0 Plays Today
Hint Answer % Correct
Extensor hallicus longus m.Anterior compartment
100%
Superficial posterior compartment innervationTibial n.
100%
Tibialis anterior m.Anterior compartment
87.5%
Extensor digitorum longus m. Anterior compartment
87.5%
Peroneus longus m.Lateral compartment
87.5%
Peroneus brevis m.Lateral compartment
87.5%
Tibialis posterior m.Deep posterior compartment
87.5%
Flexor digitorum longus m.Deep posterior compartment
87.5%
Gastrocnemius m.Superficial posterior compartment
87.5%
Compartment for plantarflexion + eversionLateral compartment
87.5%
Soleus m.Superficial posterior compartment
87.5%
Superficial peroneal n.Lateral compartment
87.5%
Deep peroneal n.Anterior compartment
87.5%
Peroneal a.Superficial posterior compartment
87.5%
Compartment for plantarflexion aloneSuperficial posterior compartment
87.5%
Compartment for dorsiflexionAnterior compartment
87.5%
Anterior compartment innervationDeep peroneal n.
87.5%
Deep posterior compartment innervationTibial n.
87.5%
1st web space innervationDeep peroneal n.
87.5%
Hint Answer % Correct
Plantar innervationTibial n.
87.5%
Lateral foot innervationSural n.
87.5%
Peroneus tertius m.Anterior compartment
75%
Flexor hallicus longus m.Deep posterior compartment
75%
Plantaris m.Superficial posterior compartment
75%
Tibial n.Deep posterior compartment
75%
Anterior tibial a.Anterior compartment
75%
Posterior tibial a.Deep posterior compartment
75%
Sural n.Superficial posterior compartment
75%
Compartment for plantarflexion + inversionDeep posterior compartment
75%
Lateral compartment innervationSuperficial peroneal n.
75%
Dorsal foot innervationSuperficial peroneal n.
75%
Nerve that pierces A-L fasciaSuperficial peroneal n.
62.5%
Structure at risk in A-L fasciotomySuperficial peroneal n.
62.5%
Structure at risk in P-M fasciotomySaphenous v.
62.5%
Principal evertor of the footPeroneal muscles
62.5%
Medial foot innervationSaphenous n.
62.5%
Principal invertor of the footTibialis posterior m.
25%
12.5%
Come Together.
Have Fun.
All Virtual.
We all need to come together. Play Sporcle's virtual live trivia to have fun, connect with people, and get your trivia on. Join a live hosted trivia game for your favorite pub trivia experience done virtually. If a virtual private party is more your thing, go here for details.

You're not logged in!

Compare scores with friends on all Sporcle quizzes.
OR
Log In

Sporcle TV

Today on Sporcle TV


Watch our educational content, quiz creation guides, and fun videos on Sporcle TV.

Show Comments

Extras

Created Jan 8, 2016ReportNominate
Tags:compartment

Top Quizzes Today


Score Distribution

Paid Content

Your Account Isn't Verified!

In order to create a playlist on Sporcle, you need to verify the email address you used during registration. Go to your Sporcle Settings to finish the process.

Report this User

Report this user for behavior that violates our Community Guidelines.

Details: